Entrada Personal Name
Número de registros utilizados en: 4
001 - CONTROL NUMBER
- control field: 12304
003 - CONTROL NUMBER IDENTIFIER
- control field: DLC
005 - DATE AND TIME OF LATEST TRANSACTION
- control field: 20220317134811.0
008 - FIXED-LENGTH DATA ELEMENTS
- fixed length control field: 800730n| azannaabn |b aaa
010 ## - LIBRARY OF CONGRESS CONTROL NUMBER
- LC control number: n 50041823
035 ## - SYSTEM CONTROL NUMBER
- System control number: (OCoLC)oca00076996
040 ## - CATALOGING SOURCE
- Original cataloging agency: DLC
- Language of cataloging: spa
- Description conventions: rda
- Transcribing agency: Mx-PuUPA
- Modifying agency: DLC
- Modifying agency: OCoLC
- Modifying agency: DLC
- Modifying agency: WU
- Modifying agency: Mx-PuUPA
046 ## - SPECIAL CODED DATES
- Birth date: 1915
- Death date: 1972
100 1# - HEADING--PERSONAL NAME
- Personal name: Ceram, C. W.,
- Dates associated with a name: 1915-1972
370 ## - ASSOCIATED PLACE
- Place of birth: Berlín, Alemania
- Place of death: Hamburgo, Alemania
374 ## - OCCUPATION
- Occupation: Autor
- Occupation: Periodista político
- Occupation: Crítico literario
375 ## - GENDER
- Gender: hombre
377 ## - ASSOCIATED LANGUAGE
- Language code: ger
378 ## - FULLER FORM OF PERSONAL NAME
- Fuller form of personal name: Kurt Wilhelm Marek
400 1# - SEE FROM TRACING--PERSONAL NAME
- Control subfield: nnaa
- Personal name: Marek, Kurt W.
- Dates associated with a name: 1915-1972
400 1# - SEE FROM TRACING--PERSONAL NAME
- Personal name: Marek, Kurt W.,
- Dates associated with a name: 1915-1972
400 1# - SEE FROM TRACING--PERSONAL NAME
- Personal name: Ceramas, K.,
- Dates associated with a name: 1915-1972
400 1# - SEE FROM TRACING--PERSONAL NAME
- Personal name: Keram, K.,
- Dates associated with a name: 1915-1972
400 1# - SEE FROM TRACING--PERSONAL NAME
- Personal name: Керам, К.,
- Dates associated with a name: 1915-1972
670 ## - SOURCE DATA FOUND
- Source citation: Wir halten Narvik ... 1942.
670 ## - SOURCE DATA FOUND
- Source citation: Gods, graves, and scholars, 1986, c1967:
- Information found: CIP t.p. (C.W. Ceram)
670 ## - SOURCE DATA FOUND
- Source citation: Information from 678 converted Dec. 17, 2014
- Information found: (1915-1972)
670 ## - SOURCE DATA FOUND
- Source citation: Dievai, kapai ir mokslininkai, 1962: title page (K. Ceramas) colophon (К. Керам = K. Keram)